000 00592nam a22001817a 4500
999 _c186840
_d186840
005 20220321125319.0
010 _aENG-132038
020 _a9789385471216
_c150.00
035 _aEN-115570
037 _bDBAD
082 _a000
100 _aRajamani, V.
245 _aReasoning:
_bSelf Learning, Examination Oriented/
_cV Rajamani
260 _aChennai
_bUnique Media Integrators
_c2016
270 _aNo. 8, 6th Cross, 8th Main Road, Vaishanavi Nagar, Thirmullaivoyal
_bChennai
_e600109
_mumi.infobooks@gmail.com
300 _a160p
_c21cm(pbk)
942 _2ddc
_cEN
_h000
_mRAJ